Statistics for Vlajky zemí začínající na M

Click here to take the quiz!

General Stats

  • This quiz has been taken 17 times
  • The average score is 12 of 17

Answer Stats

Answer% Correct
Mexiko
100%
Maďarsko
93%
Malajsie
93%
Maroko
93%
Malta
87%
Monako
87%
Moldavsko
80%
Madagaskar
73%
Mali
73%
Mosambik
73%
Malawi
60%
Marshallovy Ostrovy
60%
Mongolsko
60%
Maledivy
53%
Mauritánie
53%
Myanmar
53%
Mauritius
33%

Score Distribution

Percentile by Number Answered

Percent of People with Each Score

Your Score History

You have not taken this quiz